[Event "ENG-ch U12"]
[Site "Milton Keynes"]
[Date "2021.10.03"]
[Round "4"]
[White "Subramanian, Anusha"]
[Black "Madhusudhan, Tanmay"]
[Result "1-0"]
[WhiteElo "1623"]
[BlackElo "1338"]
[PlyCount "41"]
[EventDate "2021.10.02"]
[EventType "swiss"]
[EventRounds "5"]
[EventCountry "ENG"]
[SourceTitle "EXT 2023"]
[Source "ChessBase"]
[SourceDate "2022.10.05"]
[SourceVersion "1"]
[SourceVersionDate "2022.10.05"]
[SourceQuality "1"]

1. c4 c5 2. Nc3 Nc6 3. Nf3 e6 4. g3 g6 5. d4 cxd4 6. Nxd4 Bg7 7. Ndb5 d5 8. Bf4 Bxc3+ 9. bxc3 e5 10. cxd5 exf4 11. dxc6 bxc6 12. Nd6+ Kf8 13. Qd4 Qf6 14. Qc5 Ne7 15. Rd1 Bg4 16. Rd4 fxg3 17. hxg3 Be6 18. Rf4 Qg7 19. Bg2 Rd8 20. Bxc6 Nxc6 21. Nf5+ 1-0

[Event "ENG-ch U12"]
[Site "Milton Keynes"]
[Date "2021.10.02"]
[Round "2"]
[White "Mittal, Aditya"]
[Black "Madhusudhan, Tanmay"]
[Result "0-1"]
[WhiteElo "1540"]
[BlackElo "1338"]
[PlyCount "134"]
[EventDate "2021.10.02"]
[EventType "swiss"]
[EventRounds "5"]
[EventCountry "ENG"]
[SourceTitle "EXT 2023"]
[Source "ChessBase"]
[SourceDate "2022.10.05"]
[SourceVersion "1"]
[SourceVersionDate "2022.10.05"]
[SourceQuality "1"]

1. b3 d5 2. Bb2 c5 3. e3 Nc6 4. Nf3 Bf5 5. Bb5 a6 6. Bxc6+ bxc6 7. 0-0 e6 8. d4 Nf6 9. Nbd2 Bd6 10. dxc5 Bxc5 11. Nh4 Bg6 12. Nxg6 hxg6 13. Nf3 0-0 14. Nd4 Qc7 15. Qd2 e5 16. Nf3 Bd6 17. g3 Rfe8 18. Rad1 Qd7 19. Kg2 Ne4 20. Qe2 f5 21. Nd2 Ng5 22. h4 Nh7 23. Rh1 Nf6 24. c4 Qb7 25. Nf3 a5 26. Qc2 a4 27. Nd2 Re6 28. Nf3 Nd7 29. h5 Rf8 30. hxg6 Rxg6 31. Nh4 Rg5 32. Nf3 Rg4 33. Rh5 e4 34. Nd2 Nc5 35. Rdh1 f4 36. Rh8+ Kf7 37. Rxf8+ Kxf8 38. exf4 Nd3 39. Bc3 Nxf4+ 40. Kf1 Nd3 41. Qd1 Qf7 42. Rh2 Rxg3 43. Qh5 Rg6 44. Rg2 Rxg2 45. Qxf7+ Kxf7 46. Kxg2 a3 47. cxd5 cxd5 48. Nb1 Nc1 49. Nxa3 Bxa3 50. b4 Nxa2 51. b5 Nxc3 52. b6 Bd6 53. b7 Na4 54. b8Q Bxb8 55. f3 Ke6 56. fxe4 dxe4 57. Kh3 Nc3 58. Kg4 e3 59. Kg5 e2 60. Kg6 Be5 61. Kh7 e1Q 62. Kh8 Qh4+ 63. Kg8 Qd8+ 64. Kh7 Qf6 65. Kg8 Ne4 66. Kh7 Ng5+ 67. Kh8 Qf8# 0-1